000 00273nam a2200097Ia 4500
001 1226427
005 20250827093004.0
008 250824s9999 xx 000 0 und d
245 0 _aENDİŞE AĞACI
_cMARIANNE MUSGROVE
260 _bALTIN KİTAPLAR YAYINLARI
999 _c1226427
_d1226427